<?xml version="1.0" encoding="UTF-8"?>
<record
    xmlns:xsi="http://www.w3.org/2001/XMLSchema-instance"
    xsi:schemaLocation="http://www.loc.gov/MARC21/slim http://www.loc.gov/standards/marcxml/schema/MARC21slim.xsd"
    xmlns="http://www.loc.gov/MARC21/slim">

  <leader>01438cam a2200301 a 4500</leader>
  <controlfield tag="001">20060</controlfield>
  <controlfield tag="003">BD-RjUL</controlfield>
  <controlfield tag="005">20211209000521.0</controlfield>
  <controlfield tag="008">811110r19371914enk                 eng d</controlfield>
  <datafield tag="035" ind1=" " ind2=" ">
    <subfield code="a">(BD-RjUL)20122</subfield>
  </datafield>
  <datafield tag="040" ind1=" " ind2=" ">
    <subfield code="a">TU</subfield>
    <subfield code="b">eng</subfield>
    <subfield code="c">TU</subfield>
    <subfield code="d">BD-RjUL</subfield>
  </datafield>
  <datafield tag="041" ind1=" " ind2=" ">
    <subfield code="a">eng</subfield>
  </datafield>
  <datafield tag="082" ind1="0" ind2="0">
    <subfield code="a">271.308</subfield>
    <subfield code="b">FIF 1937</subfield>
  </datafield>
  <datafield tag="245" ind1="0" ind2="2">
    <subfield code="a">A Fifteenth-century courtesy book /</subfield>
    <subfield code="c">edited from the ms. by R. W. Chambers and Two fifteenth-century Franciscan rules, edited from the ms. by Walter E. Seton.</subfield>
  </datafield>
  <datafield tag="260" ind1=" " ind2=" ">
    <subfield code="a">London :</subfield>
    <subfield code="b">Pub. for the Early English Text Society by Oxford University Press,</subfield>
    <subfield code="c">1914 [Reprinted 1937].</subfield>
  </datafield>
  <datafield tag="300" ind1=" " ind2=" ">
    <subfield code="a">127 p. :</subfield>
    <subfield code="b">3 facsim. ;</subfield>
    <subfield code="c">22 cm.</subfield>
  </datafield>
  <datafield tag="490" ind1="1" ind2=" ">
    <subfield code="a">Publications Original series</subfield>
  </datafield>
  <datafield tag="500" ind1=" " ind2=" ">
    <subfield code="a">--A generall rule to teche euery man that is willynge for to lerne to serve a lorde or mayster in euery thyng to his plesure.--The Thirde order of Seynt Franceys, for the bethren and susters of the Order of penitentis.--The rewle of Sustris menouresses enclosid.</subfield>
  </datafield>
  <datafield tag="610" ind1="2" ind2="0">
    <subfield code="a">Franciscans.</subfield>
    <subfield code="9">61762</subfield>
  </datafield>
  <datafield tag="650" ind1=" " ind2="0">
    <subfield code="a">Etiquette, Medieval.</subfield>
    <subfield code="9">61756</subfield>
  </datafield>
  <datafield tag="650" ind1=" " ind2="0">
    <subfield code="a">Household employees.</subfield>
    <subfield code="9">61605</subfield>
  </datafield>
  <datafield tag="651" ind1=" " ind2="0">
    <subfield code="a">England</subfield>
    <subfield code="x">Social life and customs.</subfield>
    <subfield code="9">61757</subfield>
  </datafield>
  <datafield tag="700" ind1="1" ind2=" ">
    <subfield code="a">Chambers, R. W.</subfield>
    <subfield code="q">(Raymond Wilson),</subfield>
    <subfield code="d">1874-1942,</subfield>
    <subfield code="e">ed.</subfield>
    <subfield code="9">61758</subfield>
  </datafield>
  <datafield tag="700" ind1="1" ind2=" ">
    <subfield code="a">Seton, Walter W.</subfield>
    <subfield code="q">(Walter Warren),</subfield>
    <subfield code="d">1882-1927,</subfield>
    <subfield code="e">ed.</subfield>
    <subfield code="9">61759</subfield>
  </datafield>
  <datafield tag="730" ind1="0" ind2=" ">
    <subfield code="a">Poor Clares.</subfield>
    <subfield code="9">61763</subfield>
  </datafield>
  <datafield tag="730" ind1="2" ind2=" ">
    <subfield code="a">A Generall rule to teche euery man to serve a lorde or mayster.</subfield>
    <subfield code="9">61764</subfield>
  </datafield>
  <datafield tag="942" ind1=" " ind2=" ">
    <subfield code="2">ddc</subfield>
    <subfield code="c">BK</subfield>
  </datafield>
  <datafield tag="999" ind1=" " ind2=" ">
    <subfield code="c">20060</subfield>
    <subfield code="d">20060</subfield>
  </datafield>
  <datafield tag="952" ind1=" " ind2=" ">
    <subfield code="0">0</subfield>
    <subfield code="1">0</subfield>
    <subfield code="2">ddc</subfield>
    <subfield code="4">0</subfield>
    <subfield code="7">1</subfield>
    <subfield code="8">NFIC</subfield>
    <subfield code="a">RUCL</subfield>
    <subfield code="b">RUCL</subfield>
    <subfield code="c">Reading</subfield>
    <subfield code="d">1956-11-05</subfield>
    <subfield code="e">B. H. Blackwell</subfield>
    <subfield code="g">0.90</subfield>
    <subfield code="l">0</subfield>
    <subfield code="o">271.308 FIF 1937</subfield>
    <subfield code="r">2014-02-26 00:00:00</subfield>
    <subfield code="t">C-1</subfield>
    <subfield code="w">2014-02-26</subfield>
    <subfield code="y">BK</subfield>
  </datafield>
</record>
